Campbell Bingo - Statistics

General Stats
  • This quiz has been taken 2 times
  • The average score is 11 of 33
Answer Stats
Hint Answer % Correct
-------- ~":
100%
-------- ~":
100%
-------- ~":
100%
-------- ~":
100%
-------- ~":
100%
-------- ~":
100%
*Steals lunchbox*
035
035
50%
"Women"
185
185
50%
Complain about stupid people in class
287
287
50%
*It has no numbers*
314
314
50%
"Yap Yap" (With hand gesture)
323
323
50%
Tap Jawline
406
406
50%
"Oh My God Bro"
408
408
50%
"HEHEHEHE"
698
698
50%
*Checks Watch*
912
912
50%
"Mommy Milkers"
005
005
0%
Talk about form 121 121
0%
Nap near Chris.
155
155
0%
Blocked It!
297
297
0%
*Taylor Swift reference*
336
336
0%
Taps Shoulder (Locker time)
342
342
0%
"Yeah Baby!" (Or any impression)
395
395
0%
"I'm so hungry"
416
416
0%
Campbell Math
515
515
0%
*someone does arm wrestle* *puts arm out*
552
552
0%
*Front Double Bicep* (little one)
629
629
0%
"Well Actually"
681
681
0%
Dodged It!
746
746
0%
Complain about loud person.
752
752
0%
Make fun of someone's rocket league rank
794
794
0%
Buy Chocolate Milk
821
821
0%
"Shut up bro"
877
877
0%
*Unintentional Flex*
896
896
0%
No matching quizzes found
Score Distribution
Percent of People with Each Score
Percentile by Number Answered
Your Score History
You have not taken this quiz